000 00636nam a2200241Ia 4500
003 OSt
005 20221007100949.0
006 a|||||r|||| 00| 0
007 ta
008 221006b |||||||| |||| 00| 0 eng d
024 _a5,555
037 _cTextual
040 _aLCO
_cLCO
_beng
041 _2eng
_aeng
082 _aZ2,985, K9
100 _aVENKETSAM E
_9702382
245 0 _aHandbook on contracts & negotiable Insturments.
260 _aMadras
_bLaw Journal Office
_c1969
300 _a323
650 _aCONTRACT LAW
_9692136
942 _hZ2,985, K9
_cTEXL
999 _c1175118
_d1175118